000 00511nam a2200205Ia 4500
003 OSt
005 20230417171717.0
008 210423s2011 xx 000 0 und d
020 _a978-0-895720-795-1
040 _cAL
041 _aeng
082 _a823.914
_223
_bCOLG
100 _aCOLLINS (Jackie)
_989590
245 _aGoddess of vengeance
260 _aLondon
_bSimon & Schuster
_c2011
300 _a471
_bPB
650 _aEnglish Fiction
_989591
906 _aGoddess ; vengeance
942 _2ddc
_cBK
999 _c170012
_d170012